Grundlagen psychologischer Diagnostik: eine Einführung
| Autores principales: | ; |
|---|---|
| Tipo de documento: | Print Libro |
| Lenguaje: | Alemán |
| Publicado: |
Göttingen [u.a.]
Verl. für Psychologie, Hogrefe
1987
|
| En: | Año: 1987 |
| Acceso en línea: |
Índice Índice |
| Disponibilidad en Tübingen: | Disponible en Tübingen. IFK: N II 136 |
| Verificar disponibilidad: | HBZ Gateway |
| Servicio de pedido Subito: | Pedir ahora. |
| Palabras clave: |
MARC
| LEADER | 00000cam a2200000 c 4500 | ||
|---|---|---|---|
| 001 | 274308347 | ||
| 003 | DE-627 | ||
| 005 | 20260206200940.0 | ||
| 007 | tu | ||
| 008 | 861205s1987 gw ||||| 00| ||ger c | ||
| 015 | |a 87,A04,0269 |2 dnb | ||
| 016 | 7 | |a 870091425 |2 DE-101 | |
| 020 | |a 3801702790 |9 3-8017-0279-0 | ||
| 035 | |a (DE-627)274308347 | ||
| 035 | |a (DE-603)004107381 | ||
| 035 | |a (DE-576)012367508 | ||
| 035 | |a (DE-599)GBV274308347 | ||
| 035 | |a (OCoLC)310773803 | ||
| 035 | |a (OCoLC)16802201 | ||
| 035 | |a (OCoLC)310773803 | ||
| 035 | |a (AT-OBV)AC00877286 | ||
| 035 | |a (DE-Rt5)0778453 | ||
| 040 | |a DE-627 |b ger |c DE-627 |e rakwb | ||
| 041 | |a ger | ||
| 044 | |c XA-DE |c XD-CA |c XA-CH | ||
| 082 | 0 | |a 616.89/075 |q OCLC | |
| 082 | 0 | |a 616.89075 |2 DDC19oclc | |
| 084 | |a PSY 860 |2 sfb | ||
| 084 | |a 11 |2 sdnb | ||
| 084 | |a CS 1000 |2 rvk |0 (DE-625)rvk/19038: | ||
| 084 | |a 77.03 |2 bkl | ||
| 100 | 1 | |a Wottawa, Heinrich |d 1948- |0 (DE-588)14379146X |0 (DE-627)654725020 |0 (DE-576)163625050 |4 aut | |
| 109 | |a Wottawa, Heinrich 1948- |a Wottawa, H. 1948- | ||
| 245 | 1 | 0 | |a Grundlagen psychologischer Diagnostik |b eine Einführung |c von Heinrich Wottawa u. Rüdiger Hossiep |
| 264 | 1 | |a Göttingen [u.a.] |b Verl. für Psychologie, Hogrefe |c 1987 | |
| 300 | |a VI, 120 S. |b graph. Darst. | ||
| 336 | |a Text |b txt |2 rdacontent | ||
| 337 | |a ohne Hilfsmittel zu benutzen |b n |2 rdamedia | ||
| 338 | |a Band |b nc |2 rdacarrier | ||
| 500 | |a Literaturverz. S. 101 - 116 | ||
| 505 | 8 | |a Literaturverz. S. [101] - 116 | |
| 583 | 1 | |a Archivierung/Langzeitarchivierung gewährleistet |f PENI |x XA-DE-NI |2 pdager |5 DE-35 | |
| 650 | 0 | |a Psychodiagnostics | |
| 650 | 4 | |a Diagnostik | |
| 650 | 4 | |a Angewandte Psychologie | |
| 650 | 4 | |a Entscheidungsprozess | |
| 650 | 4 | |a Handlungstheorie | |
| 655 | 7 | |a Einführung |0 (DE-588)4151278-9 |0 (DE-627)104450460 |0 (DE-576)209786884 |2 gnd-content | |
| 689 | 0 | 0 | |d s |0 (DE-588)4076411-4 |0 (DE-627)10608299X |0 (DE-576)209201754 |a Psychologische Diagnostik |2 gnd |
| 689 | 0 | |5 DE-101 | |
| 689 | 1 | 0 | |d s |0 (DE-588)4076411-4 |0 (DE-627)10608299X |0 (DE-576)209201754 |a Psychologische Diagnostik |2 gnd |
| 689 | 1 | |5 (DE-627) | |
| 689 | 2 | 0 | |d s |0 (DE-588)4076411-4 |0 (DE-627)10608299X |0 (DE-576)209201754 |a Psychologische Diagnostik |2 gnd |
| 689 | 2 | |5 (DE-627) | |
| 700 | 1 | |a Hossiep, Rüdiger |d 1959- |0 (DE-588)122010930 |0 (DE-627)081680554 |0 (DE-576)164176187 |4 aut | |
| 856 | 4 | 2 | |u https://swbplus.bsz-bw.de/bsz012367508inh.htm |m B:DE-576;DE-352 |q application/pdf |v 20110317160530 |x Verlag |3 Inhaltsverzeichnis |7 1 |
| 856 | 4 | 2 | |u http://scans.hebis.de/HEBCGI/show.pl?00410738_toc.pdf |m V:DE-576;B:DE-352 |q application/pdf |3 Inhaltsverzeichnis |7 1 |
| 889 | |w (DE-627)026560534 | ||
| 935 | |i mdedup | ||
| 935 | |i Blocktest | ||
| 935 | |h HEB |i 0501 | ||
| 935 | |h HEB |i 0503 | ||
| 936 | r | v | |a CS 1000 |b Einführung, Grundfragen, Lehrbücher, Kompendien |k Psychologie |k Diagnostik |k Einführung, Grundfragen, Lehrbücher, Kompendien |0 (DE-627)1271496402 |0 (DE-625)rvk/19038: |0 (DE-576)201496402 |
| 936 | b | k | |a 77.03 |j Methoden und Techniken der Psychologie |0 (DE-627)106418386 |
| 936 | s | n | |a c200 |2 mzub |
| 951 | |a BO | ||
| ELC | |b 1 | ||
| LOK | |0 000 xxxxxcx a22 zn 4500 | ||
| LOK | |0 001 3248703873 | ||
| LOK | |0 003 DE-627 | ||
| LOK | |0 004 274308347 | ||
| LOK | |0 005 20140307112910 | ||
| LOK | |0 008 930126||||||||||||||||ger||||||| | ||
| LOK | |0 040 |a DE-21-110 |c DE-627 |d DE-21-110 | ||
| LOK | |0 689 |a s |a Forensische Psychologie | ||
| LOK | |0 689 |a s |a Psychologische Diagnostik | ||
| LOK | |0 852 |a DE-21-110 | ||
| LOK | |0 852 1 |c N II 136 |m p |9 00 | ||
| LOK | |0 935 |a k110 | ||
| LOK | |0 936ln |a 8.7.5 | ||
| LOK | |0 938 |k p | ||
| LOK | |0 939 |a 26-01-93 |b l01 | ||
| ORI | |a SA-MARC-krimdoka001.raw | ||
| SIG | |a IFK: N II 136 | ||
